LEADER 00807nam a2200217 i 4500 001 000000161744 003 CaOOAMICUS 005 20070529000000.0 008 070529s1971 it u000 u ita u 013 $a139107 040 $aSeMil$bita 100 1 $aManzini, Gianna,$d<1896-1974>.$0(OLS)http://semarc/name/7443 245 13$aLa Sparviera /$cGianna Manzini. 260 $a[Milano] :$bArnoldo Mondadori Editore,$c1971. 300 $a188 p. ;$c19 cm. 490 0 $aOscar Mondadori ;$v184 830 0$aOscar ;$v184.$0(OLS)http://semarc/title/8669 850 $aSeMil 852 $aSeMil$W1$xVenegono$y1$m1B I 395$j235936$B113121$CSeMilBibl$Z2$F123666 $81 996 $6245$aLa Sparviera$9(OLS)http://semarc/title/145018 996 $6260$a[Milano] :$bArnoldo Mondadori Editore$9(OLS)http://semarc/publisher/29634 LEADER 01011nam a2200241 i 4500 001 000000109877 003 CaOOAMICUS 005 20240405153608.0 008 021115s1976 it u000 u ita u 013 $a82558 040 $aSeMil$bita 100 1 $aIbsen, Henrik <1828-1906>.$0(OLS)http://semarc/name/8779 245 10$aDrammi :$bSpettri. Un nemico del popolo. L'anitra selvatica. Rosmersholm /$cHenrik Ibsen. 260 $aMilano :$bGarzanti,$c1976. 300 $aXXIX, 407 p. :$bill. ;$c18 cm. 490 0 $aI Garzanti - I Grandi Libri ;$v161 830 2$aI grandi libri Garzanti ;$v161.$0(OLS)http://semarc/title/9892 850 $aSeMil 852 $aSeMil$W1$xVenegono$y1$m60 14 161 *$j65808$B65808$CSeMilBibl$Z2$F73025 $81 961 $aRecupero: Biblioteca Seminario Liceale 996 $6245$aDrammi :$bSpettri. Un nemico del popolo. L'anitra selvatica. Rosmersholm$9(OLS)http://semarc/title/159584 996 $6260$aMilano :$bGarzanti$9(OLS)http://semarc/publisher/29852